Under the Cover of Darkness Lyrics - Statistics

General Stats
  • This quiz has been taken 5 times
  • The average score is 140 of 191
Answer Stats
Lyrics % Correct
A
100%
At
100%
Be
100%
Can
100%
Don't
100%
For
100%
Go
100%
I
100%
I'm
100%
It
100%
It's
100%
Live
100%
Me
100%
No
100%
Of
100%
On
100%
Out
100%
So
100%
That
100%
The
100%
To
100%
Will
100%
Won't
100%
You
100%
Your
100%
All
75%
And
75%
Army
75%
Back
75%
Best
75%
But
75%
Call
75%
Choose
75%
Everything
75%
Fight
75%
Got
75%
House
75%
In
75%
Joining
75%
Just
75%
My
75%
Nightmare
75%
Now
75%
Phones
75%
Puppet
75%
Right
75%
Slip
75%
Still
75%
String
75%
Use
75%
Wait
75%
Way
75%
We've
75%
Whack
75%
Adversary
50%
Are
50%
Bed
50%
Better
50%
Door
50%
Down
50%
Friend
50%
Friends
50%
Get
50%
I'll
50%
Into
50%
I've
50%
Jump
50%
Listening
50%
Long
50%
Say
50%
Their
50%
They
50%
Times
50%
Tired
50%
Up
50%
Vest
50%
Want
50%
What's
50%
Years
50%
Again
25%
Around
25%
Been
25%
Dressed
25%
Everybody's
25%
Lives
25%
Million
25%
More
25%
Morning
25%
Okay
25%
Sacrifice
25%
Same
25%
Singing
25%
Song
25%
Ten
25%
They'll
25%
This
25%
Too
25%
Town
25%
Waiting
25%
Yelling
25%
Banging
0%
No matching quizzes found
Score Distribution
Percent of People with Each Score
Percentile by Number Answered
Your Score History
You have not taken this quiz